Risk management as an approach for reducing project cost : (Record no. 25124)
[ view plain ]
| 000 -LEADER | |
|---|---|
| fixed length control field | 00836ntm a22002297a 4500 |
| 005 - DATE AND TIME OF LATEST TRANSACTION | |
| control field | 20170813145920.0 |
| 008 - FIXED-LENGTH DATA ELEMENTS--GENERAL INFORMATION | |
| fixed length control field | 170802s2010 xx a frb 000 0 eng d |
| 040 ## - CATALOGING SOURCE | |
| Original cataloging agency | EG-ScBUE |
| Language of cataloging | eng |
| Transcribing agency | EG-ScBUE |
| 082 04 - DEWEY DECIMAL CLASSIFICATION NUMBER | |
| Edition number | 22 |
| Classification number | 624 |
| Item number | ALI |
| 100 1# - MAIN ENTRY--PERSONAL NAME | |
| Personal name | Ali, Mohamed Ashraf. |
| 245 10 - TITLE STATEMENT | |
| Title | Risk management as an approach for reducing project cost : |
| Remainder of title | a contractor's perspective / |
| Statement of responsibility, etc | Mohamed Ashraf Ali. |
| 260 ## - PUBLICATION, DISTRIBUTION, ETC. (IMPRINT) | |
| Date of publication, distribution, etc | 2010. |
| 300 ## - PHYSICAL DESCRIPTION | |
| Extent | vii, 75 p. : |
| Other physical details | ill. ; |
| Dimensions | 28 cm. |
| 500 ## - GENERAL NOTE | |
| General note | A dissertation submitted to The Faculty of Engineering, The British University In Egypt, in partial fulfillment of the requirement for the bachelor degree in Civil engineering. |
| 590 ## - LOCAL NOTE (RLIN) | |
| Local note | Nour |
| 650 #7 - SUBJECT ADDED ENTRY--TOPICAL TERM | |
| Source of heading or term | BUEsh |
| Form subdivision | Projects |
| Topical term or geographic name as entry element | Civil engineering |
| 653 ## - INDEX TERM--UNCONTROLLED | |
| Resource For college | Engineering, Civil |
| Arrived date list | August2017 |
| 655 ## - INDEX TERM--GENRE/FORM | |
| Form subdivision | |
| 700 1# - ADDED ENTRY--PERSONAL NAME | |
| Personal name | Othman, A. A. E. |
| Relator term | ths |
| 777 ## - TEST | |
| tEST | |
| 942 ## - ADDED ENTRY ELEMENTS (KOHA) | |
| Source of classification or shelving scheme | Dewey Decimal Classification |
| Withdrawn status | Lost status | Source of classification or shelving scheme | Damaged status | Not for loan | Home library | Current library | Shelving location | Date acquired | Total Checkouts | Full call number | Barcode | Date last seen | Koha item type |
|---|---|---|---|---|---|---|---|---|---|---|---|---|---|
| Dewey Decimal Classification | Central Library | Central Library | Second Floor | 06/08/2017 | 624 ALI | 000046243 | 15/07/2025 | Projects - Students (NB) |